| 000 | 00543nam a2200157Ia 4500 | ||
|---|---|---|---|
| 003 | SGT | ||
| 020 | _a9788120325432 | ||
| 082 |
_a658.404 _bSTO |
||
| 100 | _aStover, Teresa S. | ||
| 245 | _aMicrosoft office project 2003 inside out | ||
| 260 |
_bPHI Learning Private Limited _aNew Delhi _c2006 |
||
| 300 | _a1048p. | ||
| 650 | _aPROJECT MANAGEMENT | ||
| 653 | _aPROJECT FUNDAMENTAL, DEVELOPING THE PROJECT PLAN, TRACKING PROGRESS, REPORTING AND ANALYSIS, MANAGING MULTIPLE PROJECTS, PROGRAMMING CUSTOM SOLUTIONS, APPENDIXES | ||
| 942 |
_2ddc _cBK |
||
| 999 |
_c5680 _d5680 |
||